| 000 | 00621aam a2200241 4500 | ||
|---|---|---|---|
| 005 | 20250805134231.0 | ||
| 008 | 150625b xxu||||| |||| 00| 0 spa d | ||
| 020 | _a9977121532 | ||
| 041 | _aESP | ||
| 082 | _aCR 861.4 V716d | ||
| 100 |
_aVillalobos Arce, Guillermo _926222 |
||
| 245 | _aDulce, suave, duro, amargo | ||
| 260 | _aEspaña | ||
| 260 | _bImpresora Lithocolor S.A. | ||
| 260 | _c1997 | ||
| 300 | _a186 páginas | ||
| 490 | _aTEMÁTICA GENERAL | ||
| 650 | _aTEMÁTICA GENERAL | ||
| 650 | _aLITERATURA COSTARRICENSE | ||
| 650 | _aPOESÍA COSTARRICENSE | ||
| 650 | _aCOSTA RICA | ||
| 942 |
_cBK _2ddc |
||
| 999 |
_c3062 _d3062 |
||